| 000 | 00466nam a2200157Ia 4500 | ||
|---|---|---|---|
| 008 | 210716s2012 xx 000 0 und d | ||
| 020 | _a9788131516539 | ||
| 041 | _aeng | ||
| 082 | _a153.94 SAHD | ||
| 100 | _aSahrawat, Deekshant;Khurana, Mohit. | ||
| 245 |
_aCMAT: common management admission test. _bCommon management admission test. |
||
| 250 | _a1 | ||
| 260 |
_aNew Delhi _bCengage Learning India Pvt Ltd _c2012 |
||
| 300 | _axi,649 | ||
| 650 | _aAptitude Test | ||
| 999 |
_c193139 _d193139 |
||